00718nam a2200193Ia 4500008004100000020001800041082001500059100002500074245009800099250000800197260004200205300002900247500001900276600002100295650005000316942000700366952013400373999001700507240925s9999 xx 000 0 und d a9788131726907 a004.22 BIE aBeiberstein Norbert 0aService Oriented Architecture (SOA) Compass: bussiness value, planning and enterprise roadmap a1st aNew Delhi:bPearson Educationc,2009. axvi,1026p.bNAfOriginal aIncludes Index aComputer Science aComputer science, information & general works cBK 001040708CSaUITUbUITUd2014-03-05eParamount Book Pvt Ltdg986.00l0o004.22 BIEpQ9863r2024-09-25 07:15:30w2024-09-25yBK c12362d12362